Catálogo

Análisis y diseño de experimentos / (Registro nro. 52734)

Detalles MARC
000 -LEADER
fixed length control field 01328cam a2200337 i 4500
001 - CONTROL NUMBER
control field 52734
003 - CONTROL NUMBER IDENTIFIER
control field Mx-PuUPA
005 - DATE AND TIME OF LATEST TRANSACTION
control field 20250115152852.0
008 - FIXED-LENGTH DATA ELEMENTS--GENERAL INFORMATION
fixed length control field 140415s2012 mx d r 000 0 spa d
020 ## - INTERNATIONAL STANDARD BOOK NUMBER
International Standard Book Number 9786071507259
040 ## - CATALOGING SOURCE
Original cataloging agency MX-PuUPA
Language of cataloging spa
Description conventions rda
Transcribing agency Mx-PuUPA
Modifying agency Mx-PuUPA
041 0# - LANGUAGE CODE
Language code of text/sound track or separate title spa
100 1# - MAIN ENTRY--PERSONAL NAME
Personal name Gutiérrez Pulido, Humberto,
Dates associated with a name 1964-
Relator term autor
9 (RLIN) 7108
245 10 - TITLE STATEMENT
Title Análisis y diseño de experimentos /
Statement of responsibility, etc. Humberto Gutiérrez Pulido, Román de la Vara Salazar.
250 ## - EDITION STATEMENT
Edition statement Tercera edición
264 #4 - PRODUCTION, PUBLICATION, DISTRIBUTION, MANUFACTURE, AND COPYRIGHT NOTICE
Place of production, publication, distribution, manufacture México, D.F. :
Name of producer, publisher, distributor, manufacturer McGraw-Hill /Interamericana Editores,
Date of production, publication, distribution, manufacture, or copyright notice 2012
300 ## - PHYSICAL DESCRIPTION
Extent xii, 489 páginas :
Other physical details gráficas, tablas ;
Dimensions 27 cm.
336 ## - CONTENT TYPE
Content type term texto
Fuente rdacontent
Content type code txt
337 ## - MEDIA TYPE
Media type term sin medio
Source rdamedia
Media type code n
338 ## - CARRIER TYPE
Carrier type term volumen
Source rdacarrier
Carrier type code nc
650 #7 - SUBJECT ADDED ENTRY--TOPICAL TERM
Topical term or geographic name entry element Diseño experimental
Source of heading or term armarc
650 #7 - SUBJECT ADDED ENTRY--TOPICAL TERM
Topical term or geographic name entry element Análisis de variación
Source of heading or term armarc
700 1# - ADDED ENTRY--PERSONAL NAME
Personal name Vara Salazar, Román de la,
Relator term autor
942 ## - ADDED ENTRY ELEMENTS (KOHA)
Source of classification or shelving scheme Dewey Decimal Classification
Koha item type Libro
Classification part 519.5
Item part G983
Existencias
Withdrawn status Lost status Source of classification or shelving scheme Damaged status Not for loan Collection code Home library Current library Shelving location Date acquired Source of acquisition Total Checkouts Full call number Barcode Date last seen Date last checked out Copy number Price effective from Koha item type Cost, normal purchase price Total Renewals Cost, replacement price
    Dewey Decimal Classification     General Biblioteca Karol Wojtyla Biblioteca Karol Wojtyla Sala general 03/12/2013 Compra 1 519.5 G983 2012 80893 05/01/2026 17/10/2018 Ej.3 03/12/2013 Libro      
    Dewey Decimal Classification     General Biblioteca Karol Wojtyla Biblioteca Karol Wojtyla Sala general 24/04/2018 Compra 8 519.5 G983 2012 99041 29/01/2026 09/11/2022   27/04/2018 Libro      
    Dewey Decimal Classification     General Biblioteca Karol Wojtyla Biblioteca Karol Wojtyla Sala general 17/02/2021 1 7 519.5 G983 2012 99524 05/01/2026 06/08/2024 Ej.2 17/02/2021 Libro 394.00 2 394.00
    Dewey Decimal Classification     General Biblioteca Karol Wojtyla Biblioteca Karol Wojtyla Sala general 24/08/2021 14 4 519.5 G983 2012 101946 05/01/2026 21/09/2022 Ej.5 24/08/2021 Libro 399.60 2 399.60
    Dewey Decimal Classification     General Biblioteca Karol Wojtyla Biblioteca Karol Wojtyla Sala general 24/08/2021 14 2 519.5 G983 2012 101945 05/01/2026 29/06/2024 Ej.4 24/08/2021 Libro 399.60   399.60